Sermons du Père Bourdaloue, de la Compagnie de Jésus: pour l'avent
| Main Author: | |
|---|---|
| Corporate Author: | |
| Format: | Electronic Book |
| Language: | French |
| Check availability: | HBZ Gateway |
| Interlibrary Loan: | Interlibrary Loan for the Fachinformationsdienste (Specialized Information Services in Germany) |
| Published: |
Liége
J. F. Bassompierre
1784
|
| In: | Year: 1784 |
| Edition: | Nouv. éd. exactement rev. et corr. |
| Further subjects: | B
Catholic Church
Sermons
B ADVENT sermons B Preaching B Sermons, French |
| Online Access: |
Volltext (kostenfrei) |
| Sammlungen: |
MARC
| LEADER | 00000cam a22000002c 4500 | ||
|---|---|---|---|
| 001 | 1894199650 | ||
| 003 | DE-627 | ||
| 005 | 20250118000821.0 | ||
| 007 | cr uuu---uuuuu | ||
| 008 | 240705s1784 xx |||||o 00| ||fre c | ||
| 035 | |a (DE-627)1894199650 | ||
| 035 | |a (DE-599)KXP1894199650 | ||
| 035 | |a (PRTC)sermonsduprebo00bour | ||
| 040 | |a DE-627 |b ger |c DE-627 |e rda | ||
| 041 | |a fre | ||
| 050 | 0 | |a BV 4254.5 | |
| 084 | |a 1 |2 ssgn | ||
| 100 | 1 | |8 1\p |e VerfasserIn |0 (DE-588)118659529 |0 (DE-627)079444296 |0 (DE-576)160387086 |4 aut |a Bourdaloue, Louis |d 1632-1704 | |
| 109 | |a Bourdaloue, Louis 1632-1704 |a Bourdaloue 1632-1704 |a Bourdalouë, Louis 1632-1704 |a Bourdaloue, Ludwig 1632-1704 |a Burdalue, Luís 1632-1704 |a Bourdaloue, Luigi 1632-1704 |a Bourdaloue, Ludovicus 1632-1704 |a Bourdaloue Père 1632-1704 | ||
| 245 | 1 | 0 | |a Sermons du Père Bourdaloue, de la Compagnie de Jésus |b pour l'avent |
| 250 | |a Nouv. éd. exactement rev. et corr. | ||
| 264 | 1 | |a Liége |b J. F. Bassompierre |c 1784 | |
| 300 | |a 1 Online-Ressource (xx, 562 p.) | ||
| 336 | |a Text |b txt |2 rdacontent | ||
| 337 | |a Computermedien |b c |2 rdamedia | ||
| 338 | |a Online-Ressource |b cr |2 rdacarrier | ||
| 610 | 1 | 0 | |a Catholic Church |x Sermons |
| 650 | 0 | |a ADVENT sermons | |
| 650 | 0 | |a Sermons, French | |
| 655 | 0 | |a Preaching | |
| 710 | 2 | |a University of Toronto |e MitwirkendeR |4 ctb | |
| 856 | 4 | 0 | |u https://commons.ptsem.edu/id/sermonsduprebo00bour |m X:PRTC |x Digitalisierung |z kostenfrei |7 0 |
| 883 | |8 1\p |a cgwrk |d 20241001 |q DE-101 |u https://d-nb.info/provenance/plan#cgwrk | ||
| 935 | |a PRTC |a mteo | ||
| 951 | |a BO | ||
| ELC | |a 1 | ||
| LOK | |0 000 xxxxxcx a22 zn 4500 | ||
| LOK | |0 001 4547162247 | ||
| LOK | |0 003 DE-627 | ||
| LOK | |0 004 1894199650 | ||
| LOK | |0 005 20240705112302 | ||
| LOK | |0 008 240705||||||||||||||||ger||||||| | ||
| LOK | |0 035 |a (DE-Tue135)sermonsduprebo00bour | ||
| LOK | |0 040 |a DE-Tue135 |c DE-627 |d DE-Tue135 | ||
| LOK | |0 092 |o n | ||
| LOK | |0 689 |a f |a Book | ||
| LOK | |0 852 |a DE-Tue135 | ||
| LOK | |0 852 1 |9 00 | ||
| LOK | |0 866 |x SPQUE#Theological Commons Princeton | ||
| LOK | |0 935 |a PRTC | ||
| LOK | |0 939 |a 05-07-24 |b l01 | ||
| OAS | |a 1 | ||
| ORI | |a SA-MARC-ixtheoa001.raw | ||